|
|
|
|
| LEADER |
00751nam a2200253Ia 4500 |
| 008 |
141004s9999 xx 000 0 und d |
| 040 |
|
|
|c a
|
| 041 |
|
|
|a English
|
| 082 |
|
|
|a 333.75
|
| 082 |
|
|
|b SWE/BA
|
| 100 |
|
|
|a Sweta Srivastav
|
| 245 |
|
|
|a Basics of environmental science
|
| 245 |
|
|
|c Sweta Srivastav
|
| 260 |
|
|
|a New Delhi
|
| 260 |
|
|
|b Anmol publications PVT.LTD.
|
| 260 |
|
|
|c 2008
|
| 300 |
|
|
|a 324 p
|
| 300 |
|
|
|b 21.5 cm
|
| 365 |
|
|
|a Rs.900.00
|
| 501 |
|
|
|a 6B4
|
| 650 |
|
|
|a Biosphere
|
| 942 |
|
|
|c BK
|
| 999 |
|
|
|c 174345
|d 174345
|
| 952 |
|
|
|0 0
|1 0
|4 0
|6 363_700000000000000
|7 0
|8 ENV
|9 179354
|a KAUCOF
|b KAUCOF
|g 900.00
|o 363.7
|p KAU_COF-5120
|r 2014-10-04
|w 2014-10-04
|y BK
|